| 000 | 00557nam a2200205Ia 4500 | ||
|---|---|---|---|
| 003 | OSt | ||
| 005 | 20250811183250.0 | ||
| 008 | 210423s2009 xx 000 0 und d | ||
| 020 | _a9788120326477 | ||
| 040 | _cAL | ||
| 041 | _aEnglish | ||
| 082 |
_a320.5 _bPRAE |
||
| 100 |
_aPrabhu C S R _9118964 |
||
| 245 |
_aE governance _b: concepts and case studies |
||
| 260 |
_aNew Delhi _bPHI Learning Pvt Ltd _c2009 |
||
| 365 |
_b295 _cINR |
||
| 650 |
_aPolitical Science _9118965 |
||
| 906 | _acase ; concepts ; E ; governance: ; studies | ||
| 942 |
_2ddc _cBK |
||
| 999 |
_c175656 _d175656 |
||